|
|
|
|
| LEADER |
00733cam a2200217 a 4500 |
| 001 |
0000064446 |
| 005 |
20050725090000.0 |
| 040 |
|
|
|a mod
|
| 041 |
|
|
|a eng
|
| 020 |
0 |
0 |
|a 157607191X
|
| 090 |
0 |
0 |
|a 944.05092
|b NIC
|e 1999
|
| 100 |
1 |
0 |
|a Nicholls
|h David
|
| 245 |
1 |
0 |
|a Napoleon
|b a biographical companion
|c David Nicholls
|
| 260 |
0 |
0 |
|a Santa Barbara, California
|b ABC-CLIO
|c 1999
|
| 300 |
0 |
0 |
|a xxii, 318p.
|b ill.
|c 25cm
|
| 500 |
0 |
0 |
|a Includes bibliographical references and index
|
| 600 |
0 |
0 |
|a Napoleon I, Emperor of the French
|y 1769-1821
|
| 650 |
0 |
0 |
|a Napoleonic Wars, 1800-1815
|x Campaigns
|
| 651 |
0 |
0 |
|a France
|x Kings and rulers Biography
|
| 651 |
0 |
0 |
|a France
|x History
|y 1789-1815
|
| 999 |
|
|
|a 0209831
|b PULADA
|d BOOKS
|e Rujukan
|f PULADA
|j AVAILABLE
|q GOOD CONDITION
|